000 01064nam a2200277Ia 4500
003 OSt
005 20221005110044.0
006 a|||||r|||| 00| 0
007 ta
008 221004b |||||||| |||| 00| 0 hin d
020 _a9788126040094 (hbk)
_cINR 350.00
024 _a36629
037 _bBW/1663, 14/03/2018, Bookwell
_cTextual
040 _aCRL
_cCRL
_bhin
041 _2hin
_ahin
082 _aO152,1N243x, Q5
100 _aश्रोत्रिय, प्रभाकर, संपा.
245 0 _aनरेश मेहता रचना संचयन
246 _aNaresh mehatā rachanā sanchayana
260 _aनई दिल्ली
_bसाहित्य अकादेमी भारत
_c2015
300 _a541पृ0
_ccm.
650 _a हिन्दी साहित्य
650 _aहिन्दी कविता
942 _hO152,1N243x, Q5
_cTEXL
_2cc
999 _c1017645
_d1017645